000 nam a22 7a 4500
999 _c29829
_d29829
008 180918b xxu||||| |||| 00| 0 eng d
050 _aLB 3051 .565 2005
100 _aAtela Okeyo Solomon
245 _aAn analysis of the factors influencing the performance of self sponsored programmes in institution of higher education in kenya:
_bA case study of university of Nairobi
260 _aKenya;
_bOkeyo Solomon
_c2005
300 _axi,96p :
_bill, ;
_c30cm.
521 _aMasters
650 _aeducation
942 _2lcc
_cRESEARCH
_hLB 3051 .565 2005